00845 a2200181 4500003000500000005001700005020001500022040000900037082001500046100001700061245021200078250001100290260004100301300003200342505025800374600001700632650001400649Nust20230126125549.0 a0701633794 cNust a910.02,BOX aBox, Martin, aJacaranda SOSE geography 1 :bNew for Level 5 of the national profiles and the curriculum and standards framework /cMrtin Box, Pam Cupper , Angelo Calandra , Robyn Rivett, Grace Ciavarella & Jeana Kriewaldt a1st ed aAustraliabJacaranda Wiley Ltdc1998 a190 pbilluscdigarse26 cm aThe Skills of the Geographer (Page-2), Australian Environments (Page-34), Changing Environments (Page-58), Deserts (Page-78), Oceans (Page-96), Endangered Species (Page-122), Faster Higher Stronger the Olympic Games (Page-140), World Holiday (Page-164). aBox, Martin, aGeography